MDQL
is popping MORE tags! Check the
thread
!
Quizzes
Events
Quiz Creation
Community
Videos
Private Events
Remove Ads
Sign In
Join for FREE
Feedback
Dark Mode
Quiz Categories
Sports
Geography
Music
Movies
Television
Just For Fun
Miscellaneous
History
Literature
Language
Science
Gaming
Entertainment
Religion
Holiday
For Kids
Quiz Lab
Recent
Popular Today
Quiz Kudos Today
Editor Picks
Curator Picks
Quizzes by...
Day
Popularity
Type
Ratings
Length
Year
Community
Subscriptions
Recent Discussions
Orange Saloon
Badges
Playlists
Quests
Create
Leaderboards
Showdown
Live 5
Trivia Bingo
Activity
Puzzle Library
Sporcle Events
Private Events
Virtual Trivia
Globe League
Become a Host
Pub Owners
SporcleCon
Opinionation
Our Games
Videos
Blog
Mobile Apps
Partnerships
Remove Ads and Go Orange
Feedback
Music
Pop Music
The Beatles
Song
Album
Lyrics
Bands
Singers
Artist
Clip
Rock
Rap
Classical
Billboard
Country Music
Kpop
Taylor Swift
Music
Pop Music
The Beatles
Song
Album
Lyrics
Bands
Singers
Artist
Clip
Rock
Rap
Classical
Billboard
Country Music
Kpop
Taylor Swift
Random Quiz
Search Sporcle
×
Quiz Lab
Quiz Lab
Music
Rap
Type in answers that appear in a list
Type in answers that appear in a list
Classic
Best Score? Go Orange.
Tyler The Creator, Wolf Stats
Can you name the tracks off of Wolf?
By
PurplexFFx
7m
18 Questions
1,348 Plays
1,348 Plays
1,348 Plays
Comments
Comments
Give Quiz Kudos
Give Quiz Kudos
-
- Ratings
hide this ad
Replay
Link that replays current quiz
Next Quiz
Link to next quiz in quiz playlist
You Got
0%
They Got
Avg Score
83%
Avg Friend Score
Upgrade to see
Score Distribution
Jump to the score distribution portion of the page
Score
0/18
Timer
07:00
0
Plays Today
Track #
Answer
% Correct
1
Wolf
97.6%
6
Answer
89.7%
2
Jamba ft. Hodgy Beats
86.7%
11
IFHY ft. Pharrell
86.7%
17
Tamale
86.3%
5
Domo23
85.1%
18
Lone
84.6%
3
Cowboy
84.6%
8
48
83.3%
Track #
Answer
% Correct
10
PartyIsn'tOver
83.1%
4
Awkward
83.1%
12
Pigs
81.8%
7
Slater ft. Frank Ocean
79.5%
14
Rusty ft. Domo Genesis & Earl Sweatshirt
78.8%
9
Colossus
78.5%
16
Treehome95
78.4%
15
Trashwang ft. Na'kel, Jasper Dolphin, Lucas, Taco, Left Brain & Lee Spielman
78.2%
13
Parking Lot ft. Casey Veggies & Mike G
75.7%
Quiz Playlist
Details
Report
Send in Message
Add To Playlist
Classic:
Type in answers that appear in a list
Last Updated: Feb 16, 2017
Quiz Scoreboard
CHALLENGE
Sign Up to Join the Scoreboard
Show All
Scores
Hide
Comments
May contain spoilers
Recently Published
Holiday 10x10 Sorting Gallery
by lukepisani3
Holiday
15m
Two Season TV Shows II
by 123Four
Television
10m
Image Sorting: Flags VI
by Barbecue
Geography
2m
More to Explore
Quiz From the Vault
Featured Blog Post
14 Easter Pick-up Lines to Find Eggs With
hide this ad
You Might Also Like...
Tags
Rap Quiz
Hip-Hop
Rap Albums
Rap Artists
Rap Songs
Tyler the Creator
Wolf
Today's Top Quizzes in Music
Browse Music
hide this ad
Today's Top Quizzes in Rap
Browse Rap
Top Contributed Quizzes in Music
1
5X2 Blitz: Bands II
2
Taylor Swift All Songs (2024)
3
5X2 Blitz: The Beatles
4
5X2 Blitz: Billboard
5
Music Artist by Three 2010s hits
6
5X2 Blitz: Billboard II
7
5X2 Blitz: Album
8
5X2 Blitz: Rock
9
5X2 Blitz: Singers
10
5X2 Blitz: Lyrics
Explore More
Trending Topics
Disney
Anime
Marvel
Harry Potter
Crossword
NBA
Kpop
Soccer
The Office
Puzzle
WWE
Pokémon
Song
NFL
Country
hide this ad
More By:
PurplexFFx
Quiz
Plays
Rating
Category
Featured
Created
Frank Ocean, Blond
5,397
5.00
Music
Aug 20, 2016
J. Cole, 2014 Forest Hills Drive
3,155
5.00
Music
May 4, 2016
Kendrick Lamar, DAMN.
2,696
5.00
Music
Jun 4, 2017
Chance The Rapper, Coloring Book
2,298
5.00
Music
Jun 7, 2016
J. Cole, 4 Your Eyez Only
2,212
5.00
Music
Dec 15, 2016
Go to Creator's Profile
Score Distribution
Quiz Creator Spotlight
PurplexFFx
Follow
Send a Message
Quizzes Created
-
Created Quiz Play Count
-
More By This Creator
Popular Quizzes Today
1
Find the US States - No Outlines Minefield
2
Colored Red Africa Blitz
3
Find the 'City' Movie
4
The Countries of the World
5
Find the US States
6
5x2 Blitz: Bands
7
Find the Countries of Europe - No Outlines Minefield
8
US States
More Music Quizzes
Metal Band Logo Picture Click
Quiz Lab
Trending Quizzes
Colored Red Europe Blitz I
Colored Red Europe Blitz II
Colored Red Africa Blitz II
Colored Red Europe Blitz III
Colored Red Africa Blitz III
Recently Updated
Odd Team Out - Big 4 Players
pecheneg
Quick Pick: 20 Twenties
pecheneg
March Madness Men's Triple Doubles
pecheneg
How Do You Spell That?
pecheneg
Godzilla Movies
pecheneg
Grab Bag: 4-10 Letters
pecheneg
2024 March Madness Bracket
pecheneg
Famous TV Couples
Peacemaker
Champions League XIs: Real Madrid
pecheneg
Largest US Cities 1790-2010
pecheneg
Trending Topics
NBA
Disney
Crossword
Harry Potter
Marvel
Anime
Kpop
Song
Country
Soccer
The Office
Puzzle
NFL
Pokémon
WWE
Your Account Isn't Verified!
In order to create a playlist on Sporcle, you need to verify the email address you used during registration. Go to your
Sporcle Settings
to finish the process.
Report this User
Report this user for behavior that violates our
Community Guidelines
.
Details:
Send Report
Go to the Sporcle.com Mobile Site →
Comments